Countries with the Highest Global Innovation Index Score - Statistics

General Stats
  • This quiz has been taken 21 times
  • The average score is 16 of 19
Answer Stats
GII Score Country % Correct
50.1 Austria
95%
51.1 Canada
95%
66.0 Switzerland
95%
59.1 United Kingdom
95%
56.9 Denmark
89%
57.7 Finland
89%
55.5 Germany
89%
53.6 Japan
89%
62.6 Sweden
89%
61.7 United States
89%
53.4 France
84%
50.4 Ireland
84%
57.0 Netherlands
84%
49.2 Norway
84%
60.0 South Korea
84%
56.6 China
79%
59.9 Singapore
79%
52.3 Israel
53%
51.1 Estonia
47%
No matching quizzes found
Score Distribution
Percent of People with Each Score
Percentile by Number Answered
Your Score History
You have not taken this quiz